Wonder that was India (Record no. 226620)
[ view plain ]
| 000 -LEADER | |
|---|---|
| fixed length control field | 00787nam a22002537a 4500 |
| 005 - DATE AND TIME OF LATEST TRANSACTION | |
| control field | 20230209091813.0 |
| 008 - FIXED-LENGTH DATA ELEMENTS--GENERAL INFORMATION | |
| fixed length control field | 230209b ||||| |||| 00| 0 eng d |
| 020 ## - INTERNATIONAL STANDARD BOOK NUMBER | |
| International Standard Book Number | 006323693 |
| 040 ## - CATALOGING SOURCE | |
| Transcribing agency | AL |
| 041 ## - LANGUAGE CODE | |
| Language code of text/sound track or separate title | eng |
| 082 ## - DEWEY DECIMAL CLASSIFICATION NUMBER | |
| Edition number | 23 |
| Classification number | 913.34 |
| Item number | BASW |
| 100 ## - MAIN ENTRY--PERSONAL NAME | |
| Personal name | A L Basham |
| 100 ## - MAIN ENTRY--PERSONAL NAME | |
| 9 (RLIN) | 71501 |
| 245 ## - TITLE STATEMENT | |
| Title | Wonder that was India |
| 260 ## - PUBLICATION, DISTRIBUTION, ETC. | |
| Place of publication, distribution, etc. | Collins |
| Name of publisher, distributor, etc. | Fontana |
| Date of publication, distribution, etc. | 1977 |
| 300 ## - PHYSICAL DESCRIPTION | |
| Extent | xix,572p. |
| Other physical details | PB |
| Dimensions | 19x13cm. |
| 365 ## - TRADE PRICE | |
| Source of price type code | Travel |
| Currency code | ₹ |
| 520 ## - SUMMARY, ETC. | |
| Summary, etc. | A survey of the history and culture of the Indian sub continent before the coming of the Muslims |
| 650 ## - SUBJECT ADDED ENTRY--TOPICAL TERM | |
| Topical term or geographic name entry element | Harappa Culture and the Aryans |
| 9 (RLIN) | 71502 |
| 650 ## - SUBJECT ADDED ENTRY--TOPICAL TERM | |
| Topical term or geographic name entry element | Ancient Medieval Empire |
| 9 (RLIN) | 71503 |
| 650 ## - SUBJECT ADDED ENTRY--TOPICAL TERM | |
| Topical term or geographic name entry element | The Heritage of India |
| 9 (RLIN) | 71504 |
| 650 ## - SUBJECT ADDED ENTRY--TOPICAL TERM | |
| Topical term or geographic name entry element | Arts Language and Literature |
| 9 (RLIN) | 71505 |
| 700 ## - ADDED ENTRY--PERSONAL NAME | |
| Personal name | BASHAM (A L) |
| 9 (RLIN) | 71506 |
| 942 ## - ADDED ENTRY ELEMENTS (KOHA) | |
| Source of classification or shelving scheme | Dewey Decimal Classification |
| Koha item type | Donated Books |
| Withdrawn status | Lost status | Source of classification or shelving scheme | Damaged status | Not for loan | Collection code | Home library | Current library | Date acquired | Total Checkouts | Full call number | Barcode | Date last seen | Price effective from | Koha item type |
|---|---|---|---|---|---|---|---|---|---|---|---|---|---|---|
| Dewey Decimal Classification | History | St Aloysius Library | St Aloysius Library | 05/09/2013 | 913.34 BASW | D05011 | 02/09/2023 | 02/09/2023 | Donated Books | |||||
| Dewey Decimal Classification | History | St Aloysius Library | St Aloysius Library | 05/09/2013 | 913.34 BASW | D05010 | 02/09/2023 | 02/09/2023 | Donated Books |